| 000 | 01291nam a2200337 c 4500 | ||
|---|---|---|---|
| 999 |
_c204931 _d204931 |
||
| 003 | BLK | ||
| 005 | 20200914114815.0 | ||
| 008 | 180411b bul|||||r ||||||| ||bul|| | ||
| 010 | _aKNG00214508000 | ||
| 020 | _a9789543894147 | ||
| 040 | _aBLK | ||
| 041 |
_aBUL _cBUL |
||
| 072 | 7 |
_2bullib _aН83 _xЧужда художествена литература Н |
|
| 080 |
_aШведска литература _b821.113.6 _x-31 _z821.113.6-31 |
||
| 100 | 1 |
_aНилсон, Ула _eпърви автор _9103474 |
|
| 139 |
_aНилсон, Ула _bН 78 |
||
| 245 | 1 | 0 |
_aКучетата _cУла Нилсон; прев. от швед. Цвета Добрева. |
| 257 | _aSWE | ||
| 260 |
_bЕра _c2017 _fСофия : Реклама пони _aСофия |
||
| 300 |
_a166 с. _c20 см |
||
| 380 | _aX | ||
| 490 | 1 | _aМодерна европейска проза | |
| 500 | _aОриг. загл.: Hundarna / Ola Nilsson. - За преводача: с. 165. | ||
| 659 | _aН | ||
| 700 | 1 |
_aДобрева, Цвета Петрова _eпрев. от швед. _9381787 |
|
| 852 | _aЦб 288293 | ||
| 856 | 4 | _qpdf | |
| 856 | 4 | _qpdf | |
| 942 |
_cKNG _n0 _s1 |
||
| 944 |
_aCR _c22.11.2017 _kВиолета_Тройчева |
||
| 944 |
_aED _c18.01.2018 _kГрета_Цуфелде |
||
| 999 | _d204931 | ||